[Event "CZE-chT2D 1718"]
[Site "Czech Republic"]
[Date "2017.11.05"]
[Round "2.2"]
[White "Jedlicka, Ales"]
[Black "Jedlicka, Lubos"]
[Result "1-0"]
[WhiteElo "2198"]
[BlackElo "2170"]
[PlyCount "79"]
[EventDate "2017.10.15"]
[EventType "team-tourn"]
[EventRounds "11"]
[EventCountry "CZE"]
[SourceTitle "EXT 2022"]
[Source "ChessBase"]
[SourceDate "2021.10.06"]
[SourceVersion "1"]
[SourceVersionDate "2021.10.06"]
[SourceQuality "1"]
[WhiteTeam "Polabiny III"]
[BlackTeam "Lipa"]
[WhiteTeamCountry "CZE"]
[BlackTeamCountry "CZE"]

1. d4 Nf6 2. c4 c5 3. d5 b5 4. cxb5 a6 5. bxa6 g6 6. Nc3 Bxa6 7. Nf3 d6 8. e4 Bxf1 9. Kxf1 Bg7 10. g3 0-0 11. Kg2 Nbd7 12. a4 Qa5 13. Qc2 Rfb8 14. Bd2 Ne8 15. Nb5 Qb6 16. Bc3 Nc7 17. Nxc7 Qxc7 18. Nd2 Bxc3 19. bxc3 Qa5 20. Rhb1 Ne5 21. Rxb8+ Rxb8 22. Nf3 Nd7 23. Ra2 Kg7 24. h3 Qa6 25. a5 Ra8 26. c4 Rb8 27. Rb2 Rb7 28. Rxb7 Qxb7 29. Qa4 Nb8 30. Qb5 Qa8 31. e5 Na6 32. exd6 exd6 33. Qb6 Nb4 34. Qxd6 Qxa5 35. Qe5+ Kg8 36. Qe8+ Kg7 37. d6 Qb6 38. Qe5+ Kg8 39. d7 Nc6 40. Qd6 1-0

[Event "CZE-chT2D 1516"]
[Site "Czech Republic"]
[Date "2016.01.10"]
[Round "5.2"]
[White "Valenta, Vit"]
[Black "Jedlicka, Lubos"]
[Result "1-0"]
[WhiteElo "2076"]
[BlackElo "2225"]
[PlyCount "113"]
[EventDate "2015.10.18"]
[EventType "team-tourn"]
[EventRounds "11"]
[EventCountry "CZE"]
[SourceTitle "EXT 2022"]
[Source "ChessBase"]
[SourceDate "2021.10.06"]
[SourceVersion "1"]
[SourceVersionDate "2021.10.06"]
[SourceQuality "1"]
[WhiteTeam "Velke Losiny"]
[BlackTeam "Lipa ZVU Engineering"]
[WhiteTeamCountry "CZE"]
[BlackTeamCountry "CZE"]

1. b4 e5 2. Bb2 Bxb4 3. Bxe5 Nf6 4. Nf3 0-0 5. g3 d5 6. Bg2 Re8 7. 0-0 c5 8. Bb2 Nc6 9. d3 Bg4 10. Nbd2 Rc8 11. a3 Ba5 12. h3 Bxf3 13. Bxf3 Ne5 14. Bg2 c4 15. Nf3 Nfd7 16. Rb1 Bb6 17. e3 Nxf3+ 18. Qxf3 cxd3 19. cxd3 Ne5 20. Bxe5 Rxe5 21. d4 Re7 22. Qxd5 Qe8 23. Qb5 Qd8 24. Rfc1 Rec7 25. Rxc7 Qxc7 26. Qd5 Rb8 27. Be4 g6 28. Kg2 Qe7 29. Rb3 Qf6 30. Qc4 Qe7 31. Bf3 Kg7 32. a4 h5 33. Rb5 Bc7 34. Qd5 b6 35. Qc6 h4 36. Rd5 Rd8 37. Rxd8 Bxd8 38. g4 Qc7 39. Qxc7 Bxc7 40. Bd5 f5 41. g5 Bd6 42. f4 Ba3 43. Kf3 Bb2 44. Be6 Kf8 45. e4 fxe4+ 46. Kxe4 Ke7 47. Bc4 Ke8 48. Be2 Ke7 49. Ke5 Bc1 50. Bd3 Kf7 51. f5 Bxg5 52. fxg6+ Ke7 53. Kf5 Bh6 54. d5 Bg7 55. Kg5 Kd6 56. Kxh4 Kxd5 57. Kg5 1-0

[Event "CZE-chT2D 1516"]
[Site "Czech Republic"]
[Date "2015.10.18"]
[Round "1.2"]
[White "Jedlicka, Lubos"]
[Black "Hrabusa, Matej"]
[Result "1-0"]
[WhiteElo "2225"]
[BlackElo "2322"]
[PlyCount "59"]
[EventDate "2015.10.18"]
[EventType "team-tourn"]
[EventRounds "11"]
[EventCountry "CZE"]
[SourceTitle "EXT 2022"]
[Source "ChessBase"]
[SourceDate "2021.10.06"]
[SourceVersion "1"]
[SourceVersionDate "2021.10.06"]
[SourceQuality "1"]
[WhiteTeam "Lipa ZVU Engineering"]
[BlackTeam "Polabiny II"]
[WhiteTeamCountry "CZE"]
[BlackTeamCountry "CZE"]

1. c4 b6 2. Nc3 Bb7 3. e4 e6 4. g3 f5 5. Bg2 Nf6 6. f3 fxe4 7. fxe4 e5 8. Nf3 Nc6 9. 0-0 Bc5+ 10. Kh1 0-0 11. d3 Ng4 12. Qe2 Qe8 13. h3 Qh5 14. Bd2 g6 15. Nd5 a5 16. Ne3 Bxe3 17. Bxe3 Rf7 18. Kg1 Nxe3 19. Qxe3 Kg7 20. Rf2 Raf8 21. Raf1 d6 22. g4 Qh6 23. Ng5 Rf6 24. Ne6+ Rxe6 25. Qxh6+ Kxh6 26. Rxf8 Nb4 27. R1f7 Nxd3 28. h4 Nc5 29. Rh8 g5 30. Rhxh7+ 1-0

[Event "CZE-chT2D 1415"]
[Site "Czech Republic"]
[Date "2015.04.19"]
[Round "11.2"]
[White "Jedlicka, Lubos"]
[Black "Kozusek, Daniel"]
[Result "0-1"]
[WhiteElo "2232"]
[BlackElo "2217"]
[PlyCount "62"]
[EventDate "2014.11.02"]
[EventType "team-tourn"]
[EventRounds "11"]
[EventCountry "CZE"]
[SourceTitle "EXT 2022"]
[Source "ChessBase"]
[SourceDate "2021.10.06"]
[SourceVersion "1"]
[SourceVersionDate "2021.10.06"]
[SourceQuality "1"]
[WhiteTeam "Lipa ZVU Engineering"]
[BlackTeam "Jicin II"]
[WhiteTeamCountry "CZE"]
[BlackTeamCountry "CZE"]

1. c4 e6 2. g3 d5 3. Bg2 Nf6 4. Nf3 dxc4 5. Na3 Bxa3 6. bxa3 0-0 7. Bb2 Nbd7 8. Qc2 Rb8 9. 0-0 b5 10. a4 b4 11. Qxc4 Bb7 12. d4 Bd5 13. Qa6 Qc8 14. Qd3 Nb6 15. Ne5 Nxa4 16. Bxd5 Nxb2 17. Qb3 Nxd5 18. Nc6 Rb6 19. e4 Rxc6 20. exd5 exd5 21. Qxb2 Rc4 22. a3 a5 23. Rfc1 c5 24. axb4 axb4 25. Ra5 Rxc1+ 26. Qxc1 cxd4 27. Rc5 Qb7 28. Rc7 Qb8 29. Qc6 d3 30. Rd7 b3 31. Rb7 d2 0-1

[Event "CZE-chT2D 1415"]
[Site "Czech Republic"]
[Date "2015.03.29"]
[Round "10.2"]
[White "Zapletal, Jiri"]
[Black "Jedlicka, Lubos"]
[Result "1/2-1/2"]
[WhiteElo "2140"]
[BlackElo "2232"]
[PlyCount "23"]
[EventDate "2014.11.02"]
[EventType "team-tourn"]
[EventRounds "11"]
[EventCountry "CZE"]
[SourceTitle "EXT 2022"]
[Source "ChessBase"]
[SourceDate "2021.10.06"]
[SourceVersion "1"]
[SourceVersionDate "2021.10.06"]
[SourceQuality "1"]
[WhiteTeam "Zabreh"]
[BlackTeam "Lipa ZVU Engineering"]
[WhiteTeamCountry "CZE"]
[BlackTeamCountry "CZE"]

1. c4 c5 2. Nf3 Nc6 3. d4 cxd4 4. Nxd4 g6 5. Nc3 Bg7 6. e3 Nf6 7. Be2 0-0 8. 0-0 d5 9. cxd5 Nxd5 10. Nxd5 Qxd5 11. Nxc6 bxc6 12. Qa4 1/2-1/2

[Event "CZE-chT2D 1415"]
[Site "Czech Republic"]
[Date "2015.02.08"]
[Round "7.2"]
[White "Jedlicka, Lubos"]
[Black "Nemec, Pavel"]
[Result "1/2-1/2"]
[WhiteElo "2232"]
[BlackElo "2265"]
[PlyCount "27"]
[EventDate "2014.11.02"]
[EventType "team-tourn"]
[EventRounds "11"]
[EventCountry "CZE"]
[SourceTitle "EXT 2022"]
[Source "ChessBase"]
[SourceDate "2021.10.06"]
[SourceVersion "1"]
[SourceVersionDate "2021.10.06"]
[SourceQuality "1"]
[WhiteTeam "Lipa ZVU Engineering"]
[BlackTeam "Vysoke Myto"]
[WhiteTeamCountry "CZE"]
[BlackTeamCountry "CZE"]

1. c4 c5 2. g3 Nc6 3. Bg2 Nf6 4. Nc3 e6 5. Nf3 Be7 6. 0-0 0-0 7. d4 cxd4 8. Nxd4 a6 9. b3 Qb6 10. Nc2 d6 11. Bb2 Bd7 12. Qd2 Rfd8 13. Rfd1 Ne5 14. Nd4 1/2-1/2

[Event "CZE-chT2D 1314"]
[Site "Czech Republic"]
[Date "2014.02.02"]
[Round "7.3"]
[White "Jedlicka, Lubos"]
[Black "Lorenc, Oldrich"]
[Result "1/2-1/2"]
[WhiteElo "2182"]
[BlackElo "2115"]
[PlyCount "34"]
[EventDate "2013.11.03"]
[EventType "team-tourn"]
[EventRounds "11"]
[EventCountry "CZE"]
[SourceTitle "EXT 2016"]
[Source "ChessBase"]
[SourceDate "2015.10.08"]
[SourceVersion "1"]
[SourceVersionDate "2015.10.08"]
[SourceQuality "1"]
[WhiteTeam "Lipa"]
[BlackTeam "Policka"]
[WhiteTeamCountry "CZE"]
[BlackTeamCountry "CZE"]

1. c4 e5 2. g3 Nc6 3. Bg2 g6 4. Nc3 Bg7 5. e4 d6 6. d3 Nge7 7. Nge2 Nd4 8. 0-0 Nec6 9. Be3 Bg4 10. f3 Be6 11. Qd2 h5 12. Nd5 Nxe2+ 13. Qxe2 h4 14. b4 hxg3 15. hxg3 Qd7 16. Rab1 Nd4 17. Qb2 c6 1/2-1/2

[Event "CZE-chT2D 1011"]
[Site "Czech Republic"]
[Date "2011.03.06"]
[Round "9"]
[White "Jedlicka, Lubos"]
[Black "Seidl, Stepan"]
[Result "1-0"]
[WhiteElo "2110"]
[BlackElo "2088"]
[PlyCount "73"]
[EventDate "2010.10.17"]
[EventType "team-tourn"]
[EventRounds "11"]
[EventCountry "CZE"]
[SourceTitle "EXT 2012"]
[Source "ChessBase"]
[SourceDate "2011.11.24"]
[SourceVersion "1"]
[SourceVersionDate "2011.11.24"]
[SourceQuality "1"]
[WhiteTeam "Zajecice"]
[BlackTeam "Bedrichov"]
[WhiteTeamCountry "CZE"]
[BlackTeamCountry "CZE"]

1. c4 Nf6 2. g3 g6 3. Bg2 Bg7 4. Nc3 0-0 5. e4 d6 6. Nge2 e5 7. 0-0 Nh5 8. f4 exf4 9. Nxf4 Nxf4 10. Rxf4 Nc6 11. d3 h5 12. Be3 Bg4 13. Qd2 Nd4 14. Rf2 Qd7 15. Nd5 h4 16. Nf6+ Bxf6 17. Rxf6 Ne2+ 18. Kh1 hxg3 19. h3 Kg7 20. Bh6+ Kxf6 21. Qg5+ Ke6 22. Qxg4+ Ke7 23. Bxf8+ Rxf8 24. Qxe2 Rh8 25. Kg1 Qe6 26. Qe3 Rh5 27. Qxg3 Qf6 28. Qf2 Qe5 29. Rf1 f6 30. d4 Qe6 31. b3 b6 32. Qg3 Rg5 33. Qh4 Rh5 34. Qg4 f5 35. exf5 Qe3+ 36. Kh1 Rg5 37. Qe4+ 1-0